[Event "Johannesburg PSS op"]
[Site "Johannesburg"]
[Date "2016.04.23"]
[Round "7"]
[White "Nene, Themba"]
[Black "Van der Westhuizen, Willem"]
[Result "0-1"]
[WhiteElo "1962"]
[BlackElo "2066"]
[PlyCount "81"]
[EventDate "2016.04.23"]
[EventType "swiss"]
[EventRounds "10"]
[EventCountry "RSA"]
[SourceTitle "CBM 172 Extra"]
[Source "ChessBase"]
[SourceDate "2016.06.21"]
[SourceVersion "1"]
[SourceVersionDate "2016.06.21"]
[SourceQuality "1"]

1. d4 Nf6 2. c4 g6 3. Nc3 d5 4. cxd5 Nxd5 5. e4 Nxc3 6. bxc3 Bg7 7. Bc4 c5 8. Ne2 0-0 9. 0-0 Nc6 10. Be3 Qc7 11. Qc2 Bg4 12. f3 Bd7 13. a3 cxd4 14. cxd4 Rac8 15. Rac1 Qd6 16. Qb2 Na5 17. e5 Nxc4 18. Rxc4 Qa6 19. Rb4 b6 20. Nc3 Qd3 21. Nd5 Rfe8 22. Rb3 Qc4 23. Nf4 Qc2 24. Rc1 Qxb2 25. Rxb2 Rxc1+ 26. Bxc1 Rc8 27. Bd2 Rc4 28. Ne2 f6 29. f4 Bg4 30. Bb4 Kf7 31. h3 Bxe2 32. Rxe2 Rxd4 33. e6+ Ke8 34. Rc2 Kd8 35. Bxe7+ Kxe7 36. Rc7+ Kxe6 37. Rxg7 Rd7 38. Rg8 Kf5 39. Rf8 b5 40. Kf1 Rd3 41. Ke2 0-1

[Event "Johannesburg PSS op"]
[Site "Johannesburg"]
[Date "2016.04.23"]
[Round "6"]
[White "Skosana, Stephen K"]
[Black "Van der Westhuizen, Willem"]
[Result "1-0"]
[WhiteElo "2039"]
[BlackElo "2066"]
[PlyCount "89"]
[EventDate "2016.04.23"]
[EventType "swiss"]
[EventRounds "10"]
[EventCountry "RSA"]
[SourceTitle "CBM 172 Extra"]
[Source "ChessBase"]
[SourceDate "2016.06.21"]
[SourceVersion "1"]
[SourceVersionDate "2016.06.21"]
[SourceQuality "1"]

1. d4 Nf6 2. Nf3 g6 3. e3 Bg7 4. b3 c5 5. Bb2 cxd4 6. exd4 d5 7. Bd3 0-0 8. 0-0 Nc6 9. a3 Qc7 10. Nbd2 Rd8 11. h3 b6 12. Re1 Bb7 13. Rc1 Rac8 14. Qe2 e6 15. Nf1 Ne4 16. b4 Nd6 17. Ne3 Nc4 18. Bxc4 dxc4 19. c3 b5 20. a4 a6 21. Ng4 bxa4 22. Ra1 Na7 23. Rxa4 Nb5 24. Nge5 f6 25. Ng4 Re8 26. Raa1 h5 27. Ne3 e5 28. dxe5 fxe5 29. Rac1 a5 30. bxa5 Be4 31. Ra1 Bd3 32. Qd2 e4 33. Nh4 Kh7 34. Nd5 Qd8 35. Nb6 Qxh4 36. Nxc8 Rxc8 37. a6 Ra8 38. Ra5 Na7 39. Ba3 Nc6 40. Ra4 Bh6 41. Qb2 e3 42. Qb7+ Ne7 43. Qxe7+ Qxe7 44. Bxe7 Ra7 45. Bc5 1-0

[Event "Johannesburg PSS op"]
[Site "Johannesburg"]
[Date "2016.04.23"]
[Round "4"]
[White "Van der Westhuizen, Willem"]
[Black "Dyakuseni, Peacemaker"]
[Result "1-0"]
[WhiteElo "2066"]
[BlackElo "1802"]
[PlyCount "81"]
[EventDate "2016.04.23"]
[EventType "swiss"]
[EventRounds "10"]
[EventCountry "RSA"]
[SourceTitle "CBM 172 Extra"]
[Source "ChessBase"]
[SourceDate "2016.06.21"]
[SourceVersion "1"]
[SourceVersionDate "2016.06.21"]
[SourceQuality "1"]

1. e4 c5 2. Nf3 e6 3. d4 cxd4 4. Nxd4 a6 5. Nc3 Qc7 6. Bd3 Bb4 7. Bd2 Nf6 8. Qe2 Bc5 9. Nb3 Be7 10. g4 d6 11. g5 Nfd7 12. f4 b5 13. Nd1 Nc5 14. Nf2 Nxd3+ 15. cxd3 Bb7 16. Rc1 Qd7 17. Na5 Nc6 18. Nxc6 Bxc6 19. Bc3 f6 20. h4 e5 21. Qh5+ g6 22. Qe2 Rc8 23. h5 Kf7 24. 0-0 exf4 25. gxf6 Bd8 26. Bd4 g5 27. h6 Rg8 28. Qh5+ Rg6 29. Nh3 Bxf6 30. Bxf6 Kxf6 31. Kh2 Rcg8 32. Rg1 Bb7 33. Rcf1 Bc8 34. Nxg5 Rxg5 35. Rxf4+ Ke5 36. Rxg5+ Rxg5 37. Qxg5+ Kd4 38. e5+ Kxd3 39. Qg3+ Kc2 40. Qb3+ Kd2 41. Rf2+ 1-0

[Event "Pretoria Waterkloof op"]
[Site "Pretoria"]
[Date "2015.03.08"]
[Round "6"]
[White "Klaver, Cornelis"]
[Black "Van der Westhuizen, Willem"]
[Result "1/2-1/2"]
[WhiteElo "2067"]
[BlackElo "2057"]
[PlyCount "85"]
[EventDate "2015.03.05"]
[EventType "swiss"]
[EventRounds "6"]
[EventCountry "RSA"]
[SourceTitle "CBM 165 Extra"]
[Source "ChessBase"]
[SourceDate "2015.04.21"]
[SourceVersion "1"]
[SourceVersionDate "2015.04.21"]
[SourceQuality "1"]

1. d4 d5 2. Nf3 Nf6 3. e3 e6 4. Bd3 c5 5. c3 Nc6 6. Nbd2 Bd6 7. 0-0 0-0 8. dxc5 Bxc5 9. e4 Qc7 10. Qc2 h6 11. h3 a6 12. a4 Ba7 13. b4 Bd7 14. Re1 Rfc8 15. Qb1 Ne5 16. Nxe5 Qxe5 17. Bb2 Qf4 18. Re2 dxe4 19. Nxe4 Nxe4 20. Bxe4 Bc6 21. Bxc6 Rxc6 22. b5 Rd6 23. bxa6 bxa6 24. Ba3 Rb8 25. Qc1 Qxc1+ 26. Rxc1 Rc6 27. Rec2 Bc5 28. Bxc5 Rxc5 29. Rd1 Rb3 30. Rd8+ Kh7 31. Ra8 a5 32. Ra7 Kg6 33. Rd2 Rbxc3 34. Rdd7 Rc1+ 35. Kh2 Rf5 36. f3 Ra1 37. Rd4 h5 38. h4 Ra2 39. Kh3 Ra3 40. Rc4 Ra2 41. Rd4 Ra1 42. Kh2 Rb1 43. Rc4 1/2-1/2

[Event "Waterkloof Robbertse Memorial"]
[Site "Waterkloof"]
[Date "2015.01.29"]
[Round "1"]
[White "Solo, Muzenda"]
[Black "Van der Westhuizen, Willem"]
[Result "1/2-1/2"]
[WhiteElo "1821"]
[BlackElo "2078"]
[PlyCount "60"]
[EventDate "2015.01.29"]
[EventType "swiss"]
[EventRounds "6"]
[EventCountry "RSA"]
[SourceTitle "CBM 164 Extra"]
[Source "ChessBase"]
[SourceDate "2015.03.02"]
[SourceVersion "1"]
[SourceVersionDate "2015.03.02"]
[SourceQuality "1"]

1. e4 e5 2. Nc3 Nf6 3. g3 Bc5 4. Bg2 Nc6 5. h3 Nd4 6. Nge2 d6 7. d3 Bd7 8. Be3 b5 9. Bxd4 exd4 10. Nb1 0-0 11. 0-0 Bb6 12. Kh2 c5 13. Nd2 Bc6 14. f4 Qc7 15. g4 Rfe8 16. Ng3 Nd7 17. g5 Ba5 18. f5 Ne5 19. f6 Bxd2 20. Qxd2 g6 21. Qf4 Rec8 22. Ne2 a5 23. Qg3 Ra7 24. Rf4 h5 25. gxh6 Kh7 26. Ng1 Re8 27. h4 Bd7 28. Bh3 Bxh3 29. Nxh3 c4 30. h5 cxd3 1/2-1/2

[Event "Centurion Capablanca IM"]
[Site "Centurion"]
[Date "2014.04.29"]
[Round "5"]
[White "Van der Westhuizen, Willem"]
[Black "Mosetlhe, Kgaugelo"]
[Result "1-0"]
[WhiteElo "2061"]
[BlackElo "2143"]
[PlyCount "43"]
[EventDate "2014.04.25"]
[EventType "tourn"]
[EventRounds "9"]
[EventCountry "RSA"]
[SourceTitle "CBM 160 Extra"]
[Source "ChessBase"]
[SourceDate "2014.07.01"]
[SourceVersion "1"]
[SourceVersionDate "2014.07.01"]
[SourceQuality "1"]

1. d4 d5 2. Nf3 Nf6 3. c4 c6 4. e3 a6 5. Bd3 g6 6. Nbd2 Bg7 7. b4 0-0 8. Bb2 Bf5 9. Bxf5 gxf5 10. Qc2 Ne4 11. g4 Qb6 12. gxf5 Qxb4 13. a3 Qa5 14. Ke2 Nxd2 15. Nxd2 Nd7 16. Rhg1 Kh8 17. Rg2 Bf6 18. Rag1 Rae8 19. Nf3 dxc4 20. e4 c5 21. Ne5 cxd4 22. Rg8+ 1-0

[Event "Centurion Capablanca IM"]
[Site "Centurion"]
[Date "2014.04.28"]
[Round "4"]
[White "Mabusela, Johannes Manyedi"]
[Black "Van der Westhuizen, Willem"]
[Result "0-1"]
[WhiteElo "2210"]
[BlackElo "2061"]
[PlyCount "50"]
[EventDate "2014.04.25"]
[EventType "tourn"]
[EventRounds "9"]
[EventCountry "RSA"]
[SourceTitle "CBM 160 Extra"]
[Source "ChessBase"]
[SourceDate "2014.07.01"]
[SourceVersion "1"]
[SourceVersionDate "2014.07.01"]
[SourceQuality "1"]

1. d4 d5 2. c4 dxc4 3. Nf3 Nf6 4. e3 Bg4 5. Bxc4 e6 6. Qb3 Bxf3 7. gxf3 c5 8. dxc5 Bxc5 9. Nc3 0-0 10. Qxb7 Nbd7 11. Qb3 Rb8 12. Qc2 Qc7 13. Be2 Rfc8 14. Bd2 Bd6 15. a3 Ne5 16. Qd1 Nc4 17. Bxc4 Qxc4 18. Bc1 Be5 19. Qc2 Bxc3+ 20. bxc3 Nd7 21. Bd2 Nc5 22. Qd1 Nd3+ 23. Kf1 Qh4 24. Qe2 Qh3+ 25. Kg1 Ne5 0-1

[Event "Pretoria Waterkloof op"]
[Site "Pretoria"]
[Date "2014.02.26"]
[Round "1"]
[White "Van der Westhuizen, Willem"]
[Black "Nkosi, Dumisa Jacob"]
[Result "1-0"]
[WhiteElo "2061"]
[BlackElo "1780"]
[PlyCount "85"]
[EventDate "2014.02.26"]
[EventType "swiss"]
[EventRounds "7"]
[EventCountry "RSA"]
[SourceTitle "EXT 2015"]
[Source "ChessBase"]
[SourceDate "2014.11.20"]
[SourceVersion "1"]
[SourceVersionDate "2014.11.20"]
[SourceQuality "1"]

1. d4 d5 2. Nf3 Nf6 3. c4 c6 4. Nc3 g6 5. cxd5 cxd5 6. Bf4 Qb6 7. Qb3 Bg7 8. Qxb6 axb6 9. e3 0-0 10. Bd3 Bf5 11. Bxf5 gxf5 12. Bxb8 Rfxb8 13. Ne5 e6 14. f3 Rc8 15. Kd2 Kf8 16. b3 Ke7 17. Na4 b5 18. Nb6 Rd8 19. Nxa8 Rxa8 20. Rhc1 Ne8 21. Nd3 Kd6 22. a4 bxa4 23. Rxa4 Nc7 24. Rxa8 Nxa8 25. Rc8 Nc7 26. Rg8 Bf6 27. Rf8 Ke7 28. Rb8 b5 29. Nf4 Bg7 30. Nh5 Bf8 31. Rc8 Ne8 32. Ra8 Nc7 33. Ra7 Kd8 34. Nf6 h6 35. Kd3 Bd6 36. h3 Be7 37. Nh5 Kc8 38. g4 fxg4 39. hxg4 Kd7 40. Ng3 Bd6 41. Ne2 Be7 42. Nc3 Kc6 43. Nxb5 1-0